01062nam a22001577a 4500008004100000020001500041050001500056100002000071245009400091250001200185260003400197300003200231500002000263505057400283650004700857120621t xxu||||| |||| 00| 0 eng d a1561344095 aJK274.R778 aRoss, Robert S. aAmerican national government: institutions, policy and participation. /cRobert S. Ross. a4th ed. aBoston:bMcGraw Hill,cc1996. axvii, 394 p.:bill.;c23cm. aIncludes index. aContents: The Foundations of American government: politics, participation, and public policy -- The Politics of the constitution -- The Federal system -- Civil rights and civil liberties -- The Structure of American government: Congress: structure and legislation -- Congress: individual power and actions -- Presidency -- Bureaucracy -- Supreme court -- The Process of American government: political parties -- Electoral and voting systems -- Interest groups -- Political culture, media, and public opinion -- The Products of American government: public policy making. bUnited States -- Politics and government.